Retrouve les musiques des albums de Tiakola. - Statistiques

Statistiques générales
  • Ce quiz a été pris 271 fois
  • Le résultat moyen est 28 sur 45
Statistiques - réponses
BDLM VOL.1 % Correct
PONA NINI
87%
Meuda
81%
G.A.N.G
77%
Parapluie
76%
MAMI WATA
75%
MANON B
74%
1h55
72%
M3lo
72%
PSYCHOLOGIQUE
72%
FORMIDABLE
71%
T.I.A
71%
200K
70%
PLAISIR NOCIF
70%
CABREL
69%
PROTECT
69%
CARTIER
67%
NOTRE DAME
67%
Atasanté
66%
100K
65%
Gasolina
65%
Coucher de soleil
64%
PING PONG
63%
Riri / No camera
63%
Roro
63%
La clé
61%
Mode AV
61%
AFRIKANBADMAN
59%
RESTE-LÀ
59%
Soza
59%
Arsenik
58%
OUTRO
58%
Si j'savais
58%
#TT
57%
24/34
54%
R.I.Peace
54%
DERNIÈRE DANSE
53%
GRAND PRIX
52%
INTERLUDE
52%
1ntro'p
49%
Y.J (C'EST KO)
48%
FAST LIFE & FAMILLE
47%
SOBAD
44%
NO LIMIT
43%
A.V.S.D
41%
AMBITIONS
40%
Aucun quiz correspondant
Distribution des résultats
% des personnes avec chaque résultat
Percentile par nombre de réponses
Votre historique - résultats
Vous n’avez pas pris ce quiz